000 00672nam a2200205 i 4500
001 32577
003 ES-MaACL
005 20250815082224.0
007 t|
008 030131s1955 sp ||||1| spa d
100 1 _aBernácer, Germán (
_d1883-1965)
_928166
245 1 4 _aUna economía libre sin crisis y sin paro /
_cGermán Bernácer.
260 _aMadrid :
_bAguilar,
_c1955 (
_fEscelicer)
300 _aXIX, 315 p. :
_bil. ;
_c22 cm.
490 1 _aBiblioteca de ciencias sociales
650 0 7 _aEconomía
_2embne
_912006
830 0 0 _aBiblioteca de ciencias sociales (Aguilar)
_9220462
852 _aES-MaACL
_jC-10309
_bR.37431
999 _c32577
_d32577